| 000 | 00950nam0a22002651 4500 | ||
|---|---|---|---|
| 001 | rc\4941958 | ||
| 005 | 20250613043709.0 | ||
| 021 |
_aRU _b[58-13390] |
||
| 035 | _a(NLR Aleph) 008949366 | ||
| 090 |
_a8993342 _c8993342 |
||
| 100 | _a20130426d1958 |||y0rusy50 ca | ||
| 101 | 1 |
_arus _ckir |
|
| 102 | _aRU | ||
| 105 | _aa z ||||| | ||
| 200 | 1 |
_aСказание об охотнике Коджоджаше _eКирг. эпос _f[Записано со слов сказителя Алымкула Усенбаева _gПеревод с кирг. С. Сомовой] |
|
| 210 |
_aФрунзе _cКиргизгосиздат _d1958 |
||
| 215 |
_a182 с., 1 л. ил. _d21 |
||
| 608 |
_aЭпос киргизский (х. л.) _2psbo |
||
| 700 | 1 |
_aУсенбаев _bА. _f1894-1963 _gАлымкул |
|
| 702 | 1 |
_aСомова _bС. _4730 |
|
| 801 | 0 |
_aRU _bNLR _gpsbo |
|
| 801 | 1 |
_aRU _bELAR _2rusmarc |
|
| 852 |
_aNLR _j58-3/1466 |
||
| 942 | _cBOOK | ||
| 980 | _aNB | ||